000 00665nam a2200289Ia 4500
005 20260324125904.0
008 008 260324s9999 xx 000 0 eng d
020 _a9780429240171
037 _aEBOOK
040 _aCRL
040 _beng
040 _cCRL
041 _2eng
041 _aeng
084 _qCRL
100 _aDavid F Ruccio
_91171801
245 0 _aEconomic Representations
245 0 _bAcademic and Everyday
260 _bTaylor and Francis
260 _c2008
365 _a
365 _b255
856 _uhttp://www.taylorfrancis.com/books/9780429240171
942 _cEBOOK
999 _c1775359
_d1775359